000 00826cam9a220018100 4500
001 zam00009482
008 970717n xx eng u
035 _a(Sirsi) r139482
040 _dUPRA
100 _aPusupamma, P.
_6A104864.1
245 1 0 _aSorghum as food in the semi arid tropics.
260 _aNew Delhi :
_bInternational Dev. Research Centre,
_c1993.
520 _aThis study explores the need to increase the use of sorghum by looking at imrpoved varieties, marketing, storage, current processing and utilization methods and nutrition status of sorghum foods.
650 4 _aFood production.
_6S75323.2
650 4 _aIndia -- Human nutrition -- Food industry.
_xIndia -- Human nutrition -- Food industry.
_xIndia -- Human nutrition -- Food industry.
_6S75806.1
949 1 0 _mINESOR
_tBOOK
_lON-SHELF
004 139482
999 _c28075
_d28075